00530nam a2200157 a 4500008004100000020001500041050001600056100002300072245011200095260005600207300001400263650002900277650002900306650002000335650001700355161014s1996 ||||||||||||||||| || u a1557756279 aIMF(08)EI/5 aAxilrod, Stephen H10aTransformations to open market operations: developing economies and emerging market cBy Stephen H. Axilrod aWashington, D.C.bInternational Monetary Fundc1996 aiii, 17p. aOPEN MARKETS--CONDITIONS aOPEN MARKETS--OPERATIONS aDEBT MANAGEMENT aOPEN MARKETS